MARC

LEADER 00000nam0a2200000 4500
001 356360
005 20231102010903.0
035 |a (RuTPU)RU\TPU\retro\13620 
090 |a 356360 
100 |a 20200720d1973 k y0rusy50 ca 
101 0 |a rus 
102 |a UA 
105 |a a z 001zy 
200 1 |a Методы и приборы для анализа состава вещества  |e сборник статей  |f Всесоюзный научно-исследовательский институт аналитического приборостроения ; под ред. Б. Ф. Рудько 
210 |a Киев  |c Технiка  |d 1973 
215 |a 183 с.  |c ил. 
320 |a Библиогр. в конце ст. 
606 1 |a Аналитические приборы и оборудование  |2 stltpush  |3 (RuTPU)RU\TPU\subj\73606  |9 86516 
610 1 |a химический анализ 
610 1 |a автоматический анализ 
610 1 |a датчики теплопроводности 
610 1 |a газоанализаторы 
610 1 |a фотодатчики 
675 |a 543.07  |v 4 
702 1 |a Рудько  |b Б. Ф.  |4 340 
712 0 2 |a Всесоюзный научно-исследовательский институт аналитического приборостроения  |2 stltpush  |3 (RuTPU)RU\TPU\col\11275  |9 25011 
801 1 |a RU  |b 63413507  |c 20200720 
801 2 |a RU  |b 63413507  |c 20210413  |g RCR 
942 |c BK